Monaco : 11 du XXIème siècle - Statistiques

Statistiques générales
  • Ce quiz a été pris 278 fois
  • Le résultat moyen est 11 sur 16
Statistiques - réponses
Poste Nationalité Années au club Joueurs % Correct
Buteur Colombien 2013-2019 Radamel Falcao
96%
Ailier Gauche Français 2015-2018 Kylian Mbappé
93%
Milieu Offensif Portugais 2014-2017 Bernardo Silva
85%
Remplaçant (Milieu) Russe 2018- Aleksandar Golovin
80%
Remplaçant (Gardien) Croate 2012-2020 Danijel Subasic
80%
Remplaçant (Défenseur) Polonais 2016-2020 Kamil Glik
80%
Milieu Central Brésilien 2013-2015 Fabinho
79%
Défenseur Droit Français 2016-2022 Djibril Sidibé
75%
Milieu Central Portugais 2013-2018 Joao Moutinho
71%
Remplaçant (Attaquant) Français 2019-2024 Wissam Ben Yedder
70%
Entraîneur Portugais 2014-2019 Leonardo Jardim
67%
Ailier Droit Français 1998-2004/2011-2012 Ludovic Giuly
60%
Défenseur Gauche Français 2002-2006 Patrice Evra
50%
Gardien Italien 2001-2009/2012-2014 Flavio Roma
36%
Défenseur Central Français 2000-2007 Gaël Givet
24%
Défenseur Central Français 1998-2006 Sebastien Squillaci
22%
Aucun quiz correspondant
Distribution des résultats
% des personnes avec chaque résultat
Percentile par nombre de réponses
Votre historique - résultats
Vous n’avez pas pris ce quiz